Statistiques concernant Les 5 océans en 20 secondes

Cliquez ici pour prendre le quiz!

Statistiques générales

  • Ce quiz a été pris 197 fois
  • Le résultat moyen est 4 sur 5

Statistiques - réponses

Océan% Correct
Océan Atlantique
91%
Océan Pacifique
91%
Océan Indien
90%
Océan Arctique
59%
Océan Austral
39%

Distribution des résultats

Percentile par nombre de réponses

% des personnes avec chaque résultat

Votre développement - résultats

Vous n’avez pas pris ce quiz